Counties of the Kingdom of Hungary in 1941 on a Map - Statistics

General Stats
  • This quiz has been taken 145 times
  • The average score is 23 of 44
Answers on the Map
Answers color-coded by a green-red scale on the quiz's map according to % correct below.
 
Answer Stats
Answer % Correct
Pest-Pilis-Solt-Kiskun
95%
Győr, Moson és Pozsony
78%
Sopron
71%
Bács-Bodrog
62%
Csanád, Arad és Torontál
62%
Veszprém
62%
Baranya
60%
Fejér
60%
Jász-Nagykun-Szolnok
60%
Nyitra és Pozsony
60%
Vas
60%
Békés
59%
Esztergom
59%
Nógrád
59%
Zala
59%
Bihar
58%
Ung
58%
Ungi kk.
58%
Hajdú
56%
Heves
56%
Komárom
56%
Tolna
56%
Csongrád
55%
Somogy
55%
Szatmár
54%
Borsod
53%
Zemplén
53%
Abaúj-Torna
51%
Kolozs
51%
Bereg
50%
Beregi kk.
50%
Szabolcs
49%
Maros-Torda
47%
Csík
44%
Máramaros
44%
Máramarosi kk.
44%
Bars és Hont
41%
Szolnok-Doboka
38%
Háromszék
36%
Beszterce-Naszód
35%
Ugocsa
33%
Gömör és Kishont
32%
Szilágy
29%
Udvarhely
27%
No matching quizzes found
Score Distribution
Percent of People with Each Score
Percentile by Number Answered
Your Score History
You have not taken this quiz